000 00442ntaaa2200181 4500
003 01
005 20251027201920.0
008 0714s1973 ag 01
040 _aAR-BaBN
_bspa
_cAR-BaBN
_eaacr
_dRIC
082 _a244.1200 B23b
245 _aEl barco de Noé
250 _a1 ed.
260 _aTrrasa :
_bCLIE,
_c1975
500 _acon ilustraciones
650 _aNiños-Historias Bíblicas
650 _aActividades para Niños
942 _cBK
999 _c13857
_d13857